| 000 | 00657nam a2200217 i 4500 | ||
|---|---|---|---|
| 001 | 107905 | ||
| 003 | ES-MaACL | ||
| 005 | 20260301150741.0 | ||
| 007 | t| | ||
| 008 | 061121s1966 sp r ||||1| spa d | ||
| 100 | 1 |
_aMontaner Anglada, Manuel. _982377 |
|
| 245 | 1 | 0 |
_aIngeniería de herramientas / _cpor Manuel Montaner Anglada. |
| 260 |
_aMadrid : _bAriel, _c[1966] |
||
| 300 |
_a365 p. : _bil ; _c25 cm. |
||
| 490 | 1 | _aColección "Acero y Energía" | |
| 650 | 4 |
_aPráctica de taller. _916334 |
|
| 830 | 0 |
_aColección Acero y Energía _9232918 |
|
| 852 |
_aES-MaACL _jC-31507 _bR.62285 |
||
| 852 |
_aES-MaACL _jE-5832 |
||
| 999 |
_c107905 _d107905 |
||